000 00653pam a2200241 a 4500
001 4833583
005 20180313092643.0
008 900829s1991 caua 001 0 eng c
010 _a 90014392
020 _a0805348042
040 _aNLM/DLC
_cDLC
_dDLC
041 _aeng
060 _aQS 4 M334e
080 _a612 MAR
082 0 0 _a612 MAR
_220
100 1 _a6
101 _aANA
245 1 0 _aEssentials of human anatomy & physiology /
_cElaine N. Marieb.
740 0 _aEssentials of human anatomy and physiology.
906 _a7
_bcbc
_corignew
_d1
_eocip
_f19
_gy-gencatlg
942 _2ddc
_cBK
999 _c44908
_d44908